[Event "IND-ch U13"]
[Site "Gujarath"]
[Date "2016.07.30"]
[Round "11"]
[White "Pranab, Kumar Patra"]
[Black "Benjamin, Varghees Issac"]
[Result "0-1"]
[WhiteElo "1844"]
[BlackElo "1791"]
[PlyCount "70"]
[EventDate "2016.07.22"]
[EventType "swiss"]
[EventRounds "11"]
[EventCountry "IND"]
[SourceTitle "EXT 2017"]
[Source "ChessBase"]
[SourceDate "2016.10.25"]
[SourceVersion "1"]
[SourceVersionDate "2016.10.25"]
[SourceQuality "1"]

1. e4 c5 2. Nf3 d6 3. d4 cxd4 4. Nxd4 Nf6 5. Nc3 g6 6. Be3 Bg7 7. Be2 Nc6 8. 0-0 0-0 9. Nb3 Be6 10. f4 Qc8 11. Qd2 Rd8 12. Nd4 Nxd4 13. Bxd4 Bc4 14. Qe3 e5 15. fxe5 dxe5 16. Bxe5 Ng4 17. Bxg4 Qxg4 18. Rf4 Bh6 19. Rxg4 Bxe3+ 20. Kh1 Rd2 21. Rc1 Rf2 22. Rb1 Rxc2 23. b3 Be6 24. Rg3 Bd2 25. Nd5 Bxd5 26. exd5 Re8 27. Bf6 Bc1 28. h4 Re1+ 29. Kh2 Rf2 30. Bg5 Rff1 31. Rd3 Rh1+ 32. Kg3 Bxg5 33. Rxe1 Bxh4+ 34. Kg4 h5+ 35. Kf4 Rxe1 0-1

[Event "IND-ch U13"]
[Site "Gujarath"]
[Date "2016.07.24"]
[Round "4"]
[White "Aronyak, Ghosh"]
[Black "Pranab, Kumar Patra"]
[Result "1-0"]
[WhiteElo "2193"]
[BlackElo "1844"]
[PlyCount "137"]
[EventDate "2016.07.22"]
[EventType "swiss"]
[EventRounds "11"]
[EventCountry "IND"]
[SourceTitle "EXT 2017"]
[Source "ChessBase"]
[SourceDate "2016.10.25"]
[SourceVersion "1"]
[SourceVersionDate "2016.10.25"]
[SourceQuality "1"]

1. b3 e5 2. Bb2 Nc6 3. e3 d6 4. c4 Bf5 5. d3 Bg6 6. Nf3 f6 7. Nc3 Nge7 8. d4 exd4 9. Nxd4 Nxd4 10. Qxd4 Nc6 11. Qd2 Qd7 12. Be2 Be7 13. 0-0 0-0 14. Rad1 Rad8 15. Nd5 a5 16. a3 b6 17. Qc3 Kh8 18. c5 dxc5 19. Nxb6 Qf5 20. Nc4 Bd6 21. Nxd6 cxd6 22. Rd2 Qe6 23. Rfd1 Ne5 24. a4 Rb8 25. Rxd6 Qxb3 26. Qxb3 Rxb3 27. Rd8 Rb8 28. Rxf8+ Rxf8 29. Bc3 Bc2 30. Rd5 Rc8 31. Ba6 Rb8 32. Bb5 c4 33. Bxa5 Bb3 34. Bc3 Nd3 35. g4 Nc1 36. Bd2 Ne2+ 37. Kf1 c3 38. Rd6 cxd2 39. Bxe2 Bxa4 40. Rxd2 Bc6 41. f3 Kg8 42. Kf2 Kf7 43. Rd6 Rc8 44. Rd2 Ba4 45. Ra2 Bc6 46. Ra7+ Kg6 47. h4 Rd8 48. Ke1 Rd7 49. Rxd7 Bxd7 50. Bd3+ Kh6 51. Kd2 g6 52. Kc3 Bc6 53. Be4 Bd7 54. Bd3 Bc6 55. Be2 f5 56. Kd4 fxg4 57. fxg4 g5 58. h5 Kg7 59. Ke5 h6 60. Bc4 Bf3 61. Be6 Bc6 62. Bf5 Kf7 63. Kd6 Ba4 64. e4 Bc2 65. e5 Bxf5 66. gxf5 g4 67. e6+ Ke8 68. f6 g3 69. e7 1-0

[Event "IND-ch U11"]
[Site "Odisha"]
[Date "2014.07.27"]
[Round "6"]
[White "Vijay, Shreeram P"]
[Black "Pranab, Kumar Patra"]
[Result "1-0"]
[WhiteElo "1635"]
[BlackElo "1690"]
[PlyCount "99"]
[EventDate "2014.07.24"]
[EventType "swiss"]
[EventRounds "11"]
[EventCountry "IND"]
[SourceTitle "CBM 161 Extra"]
[Source "ChessBase"]
[SourceDate "2014.08.29"]
[SourceVersion "1"]
[SourceVersionDate "2014.08.29"]
[SourceQuality "1"]

1. e4 e5 2. d4 exd4 3. Nf3 Nc6 4. Bc4 Nf6 5. 0-0 Nxe4 6. Re1 d5 7. Bxd5 Qxd5 8. Nc3 Qh5 9. Nxe4 Be7 10. Bg5 Bg4 11. Bxe7 Nxe7 12. Qe2 Qg6 13. Ng3 Qe6 14. Qb5+ Qd7 15. Qxb7 Bxf3 16. Qxf3 0-0 17. Rad1 Ng6 18. Nf5 Rae8 19. Qg4 Rxe1+ 20. Rxe1 Re8 21. Rd1 Qd5 22. h4 h5 23. Qg5 Re5 24. Rxd4 Qxd4 25. Nxd4 Rxg5 26. hxg5 c5 27. Nc6 a6 28. Nb8 a5 29. Nc6 a4 30. Kf1 Nf4 31. Nb8 Ne6 32. Nd7 c4 33. Nb6 Nd4 34. c3 a3 35. Nxc4 Nb5 36. Nxa3 Nd6 37. Ke2 Kh7 38. g3 Kg6 39. c4 Kxg5 40. c5 Nf5 41. Nb5 Kg4 42. c6 Ne7 43. c7 Nc8 44. a4 g5 45. a5 h4 46. gxh4 gxh4 47. Kf1 Kh3 48. Kg1 f5 49. a6 f4 50. a7 1-0